00671nam a2200145 a 4500008004100000050002000041100002000061245005900081260003000140300002200170350000900192995015300201995015400354999001700508120416s1973 ||||||||||||||||| || u aTA 418.9.C3 Car aLangley, Marcus10aCarbon fibres in engineeringcedited by Marcus Langley aLondonbMcGraw-Hillc1973 aviii, 262p. : ill a0.00 aANNEX COLLECTION (Main Library)D0.00e716787FCBU-MAIN LIBRARY (Kitwe)H1I5.25jTA 418.9.C3 CarM1UAVAILABLEy014864ZAnnex Low-Usage Collection  aMAIN LIBRARY OPEN ACCESSD0.00e716786FCBU-MAIN LIBRARY (Kitwe)H2I5.25jTA 418.9.C3 CarM2UAVAILABLEy014865ZMain Library Open Access Collection c79150d79150